Music Quiz

Random Music or Lyrics Quiz

'I Dreamed a Dream' Lyrics Quiz Stats

 Plays Quiz Updated Feb 21, 2017

Support Sporcle.
Go Orange.
Score 0/214 Timer 07:00
2 Plays Today
Lyric % Correct
I
99.5%
I
99.5%
I
99.5%
I
99.5%
I
99.5%
I
99.5%
I
99.5%
a
99%
a
99%
a
99%
a
99%
a
99%
a
99%
a
99%
dream
98.7%
dream
98.7%
dream
98.7%
dream
98.6%
dream
98.6%
dreamed.
97%
dreamed
97%
dreamed
97%
dreamed
97%
the
94%
the
94%
the
94%
the
94.1%
the
94.1%
time
92.3%
time
92.3%
time
92.3%
time.
92.3%
when
91%
when
91%
When
91%
when
91%
when
91%
was
90.7%
was
90.7%
was
90.7%
was
90.7%
was
90.7%
was
90.7%
was
90.7%
was
90.7%
was
90.7%
was
90.7%
by,
90.1%
by
90.1%
and
89.8%
and
89.8%
and
89.8%
and
89.8%
And
89.8%
and
89.8%
And
89.8%
and
89.8%
and
89.8%
and
89.8%
gone
89.5%
gone
89.5%
There
88.4%
There
88.4%
There
88.4%
There
88.4%
there
88.4%
there
88.4%
we
87.4%
we
87.4%
life
86.3%
life
86.3%
life
86.3%
Lyric % Correct
be
86.2%
be
86.2%
be,
86.2%
be
86.2%
that
86.1%
that
86.1%
that
86.1%
that
86.1%
in
85.7%
in
85.7%
to
85.3%
to
85.3%
to
85.3%
so
84.6%
So
84.6%
He
84%
He
84%
He
84%
he
84%
me,
83.9%
love
83.5%
love
83.5%
would
83.5%
would
83.5%
would
83.5%
living.
81.8%
living.
81.8%
no
80.9%
no
80.9%
no
80.9%
were
80.2%
were
80.2%
were
80.2%
it
79.8%
it
79.7%
my
79.4%
my
79.4%
my
79.4%
my
79.4%
But
79.3%
But
79.3%
but
79.3%
come
78.2%
come
78.2%
never
77.7%
worth
77.4%
at
77.3%
night,
76.5%
die,
76.3%
young
75.8%
as
75.6%
as
75.6%
as
75.6%
their
73.6%
their
73.6%
their
73.6%
with
73.5%
with
73.5%
they
73.4%
they
73.4%
Then
72.1%
Then
72.1%
this
71.3%
from
70.8%
from
70.8%
hell
70.8%
he'll
70.7%
I'm
70.7%
tigers
70.4%
your
69.9%
your
69.9%
soft
69.7%
Lyric % Correct
soft,
69.6%
forgiving.
69.5%
hope
69.3%
hope
69.2%
voices
69.1%
voices
69.1%
dreams
69%
dreams
69%
came.
68.5%
unafraid,
68.3%
had
68.3%
thunder,
68.1%
are
67.6%
are
67.6%
all
67.6%
now
67.6%
what
67.6%
now
67.6%
has
67.4%
different
66.1%
different
66.1%
men
66%
kind,
65.6%
side.
65.2%
God
65.1%
will
64.9%
live
64.5%
song
64.2%
song,
64.2%
song
64.2%
killed
64%
summer
63.6%
his
63.2%
autumn
63.1%
cannot
62.8%
cannot
62.8%
tear
62.7%
apart,
62.2%
together.
62%
paid,
61.7%
ransom
61.1%
still
61%
took
61%
days
61%
went
60.8%
wine
60.7%
shame.
60.7%
high
60.5%
untasted.
59.9%
wasted.
59.1%
turn
58.7%
unsung,
58.5%
childhood
58.4%
years
58.2%
wrong.
57.2%
used
56.4%
stride,
56.4%
filled
56.1%
weather.
56%
world
55.7%
made
55.6%
wonder.
55.4%
storms
55.2%
endless
54.7%
seemed,
52.8%
words
52.8%
inviting.
51.8%
blind,
50.1%
exciting.
49.8%
slept
49.6%

You're not logged in!

Compare scores with friends on all Sporcle quizzes.
OR
Log In
Forgot?

From the Vault

Sporcle's Easiest Literature

by Flick

You are very likely to be familiar with these literary answers.
Remove Ads.
Support Sporcle.
Get the best of Sporcle when you Go Orange. This ad-free experience offers more features, more stats, and more fun while also helping to support Sporcle. Thank you for becoming a member.

Show Comments

Extras

Top Quizzes Today


Score Distribution

Your Account Isn't Verified!

In order to create a playlist on Sporcle, you need to verify the email address you used during registration. Go to your Sporcle Settings to finish the process.

Report this User

Report this user for behavior that violates our Community Guidelines.

Details: